La cerámica del antiguo Egipto /

محفوظ في:

المؤلف الرئيسي: López Grande, María José (مؤلف)

التنسيق: كتاب

اللغة: Spanish

منشور في: Madrid : Asociacion Espanola de Egiptologia, 2001.

سلاسل: Estudios Egiptologicos ; 4.
EE ; 4.

الموضوعات:

الوسوم: إضافة وسم

لا توجد وسوم, كن أول من يضع وسما على هذه التسجيلة!

رقم الطلب: DT57 .B786 v.4

LEADER 00900namaa2200265 4500
001 12794
003 OSt
005 20241107132811.0
008 130303s2001 sp a 000 0 spa d
952 |0 0  |1 0  |2 lcc  |3 V.4  |4 0  |6 DT0057 B786 V.00004  |7 1  |9 12173  |a ARCE  |b ARCE  |d 2021-05-04  |l 0  |o DT57 .B786 v.4  |p 1015396  |r 2021-05-04 00:00:00  |w 2021-05-04  |y BK 
999 |c 11375  |d 11375 
040 |c ARCE Library 
043 |a f-ua--- 
050 4 |a DT57 .B786 v.4 
100 1 |a López Grande, María José,  |e author 
245 1 3 |a La cerámica del antiguo Egipto /   |c por María J. López Grande. 
264 1 |a Madrid :  |b Asociacion Espanola de Egiptologia,  |c 2001. 
300 |a 78 pages :  |b illustrations ;  |c 21 cm. 
490 1 |a Estudios Egiptologicos ;   |v 4. 
490 1 |a EE ;   |v 4. 
650 0 |a Pottery, Ancient  |z Egypt.  
830 0 |a Estudios Egiptologicos ;   |v 4. 
830 0 |a EE ;   |v 4. 
901 |a reviewed 
942 |c BK  |2 lcc